01177naa a2200157 a 450000100080000000500110000800800410001910000210006024500800008126000090016152006160017065000320078665000200081865000210083877301600085910262302025-05-15 2025 bl uuuu u00u1 u #d1 aSANTOS, V. L. M. aJuventude e sucessaobpontos para reflexao e debate.h[electronic resource] c2025 aTomando como ponto de partida algumas discussões e debates sobre a juventude rural, percebe-se que, em grande parte, essa categoria está associada ao problema da migração do campo para a cidade, o denominado êxodo rural. Vários estudos contribuem para apontar indícios de motivação da migração dos jovens do meio rural em busca de uma vida melhor e de alternativas, enquanto que poucos tem como pano de fundo a permanência dos jovens no campo, bem como as razões que os levam a ficar. Mas, em linha geral, entende-se que permanecer ou não no meio rural envolve múltiplas questões e significados. aFixação do Homem No Campo aJuventude Rural aMigração Rural tIn: SANTOS, V. L. M. (Org.). Jovens rurais capixabas : projetos de vida e sucessão familiar. Vitória, ES : Incaper, 2025. Secao 1, Cap. 2, p. 17-29, 2025